000 00407pab a2200169 454500
008 180718b2013 xxu||||| |||| 00| 0 eng d
100 _aBhaskar, Amit
245 _aHuman trafficking law in India: An overview
260 _c2013
300 _ap390-400.
362 _aOct-Dec
650 _aSexual abuse - India
650 _aSexual abuse
773 _aSocial Action
908 _aN
909 _a101465
999 _c101463
_d101463